000 01209nam a2200313 a 4500
001 ebr10442263
003 CaPaEBR
006 m u
007 cr cn|||||||||
008 100611s2011 nyua sb 001 0 eng d
010 _z 2010024855
020 _z9781933864679
020 _z1933864672
020 _z9781935281399 (e-book)
040 _aCaPaEBR
_cCaPaEBR
035 _a(OCoLC)704055934
050 1 4 _aRC684.P3
_bC318 2011eb
082 0 4 _a617.4/120645
_222
100 1 _aRazavi, Mehdi,
_cM.D.
245 1 0 _aCardiac rhythm devices
_h[electronic resource] :
_ba case-based approach to management /
_cMehdi Razavi ... [et al.].
260 _aNew York :
_bDemos Medical,
_c2011.
300 _axiv, 175 p. :
_bill.
504 _aIncludes bibliographical references and index.
533 _aElectronic reproduction.
_bPalo Alto, Calif. :
_cebrary,
_d2013.
_nAvailable via World Wide Web.
_nAccess may be limited to ebrary affiliated libraries.
650 0 _aCardiac pacing
_vCase studies.
655 7 _aElectronic books.
_2local
710 2 _aebrary, Inc.
856 4 0 _uhttp://site.ebrary.com/lib/rucke/Doc?id=10442263
_zAn electronic book accessible through the World Wide Web; click to view
999 _c245912
_d245912